[Event "Rome Elo op 1st"]
[Site "Rome"]
[Date "2008.11.12"]
[Round "5"]
[White "Palama, Pierpaolo"]
[Black "Attanasi, Salvatore"]
[Result "0-1"]
[WhiteElo "1446"]
[BlackElo "1784"]
[PlyCount "59"]
[EventDate "2008.10.15"]
[EventType "swiss"]
[EventRounds "7"]
[EventCountry "ITA"]
[SourceTitle "EXT 2011"]
[Source "ChessBase"]
[SourceDate "2010.11.26"]
[SourceVersion "1"]
[SourceVersionDate "2010.11.26"]
[SourceQuality "1"]

1. e4 d5 2. exd5 Qxd5 3. Nf3 Nf6 4. d3 Bg4 5. Be2 e6 6. 0-0 Bd6 7. c4 Qa5 8. a3 c5 9. Nc3 a6 10. Bg5 Nbd7 11. h3 Bh5 12. Qd2 Qc7 13. Rfe1 0-0 14. g4 Bg6 15. Bh4 Bf4 16. Qc2 Rad8 17. Bg5 h6 18. Bh4 Rfe8 19. Kg2 Ne5 20. Bxf6 gxf6 21. Ne4 Kg7 22. Rad1 Rd7 23. b4 Bxe4 24. dxe4 Red8 25. Rxd7 Rxd7 26. Rd1 Rxd1 27. Bxd1 Nd7 28. b5 axb5 29. cxb5 b6 30. Qd3 0-1